UM Logo

Making marriage work/ (Record no. 11887)

MARC details
000 -LEADER
fixed length control field 00414nam a22001457a 4500
008 - FIXED-LENGTH DATA ELEMENTS--GENERAL INFORMATION
fixed length control field 190111b ||||| |||| 00| 0 eng d
020 ## - INTERNATIONAL STANDARD BOOK NUMBER
International Standard Book Number 971-511-549-7
082 ## - DEWEY DECIMAL CLASSIFICATION NUMBER
Edition number 1995
Classification number DFil 306.81
Item number Sa31
100 ## - MAIN ENTRY--PERSONAL NAME
Personal name Sala, Harold J.
9 (RLIN) 33816
245 ## - TITLE STATEMENT
Title Making marriage work/
Statement of responsibility, etc. Harold J. Sala
300 ## - PHYSICAL DESCRIPTION
Extent 177 pages :
Other physical details illustrations ;
Dimensions 18 cm.
500 ## - GENERAL NOTE
General note Includes notes.
650 ## - SUBJECT ADDED ENTRY--TOPICAL TERM
Topical term or geographic name as entry element Marriage
9 (RLIN) 33817
942 ## - ADDED ENTRY ELEMENTS (KOHA)
Source of classification or shelving scheme Dewey Decimal Classification
Koha item type Filipiniana
Holdings
Withdrawn status Lost status Source of classification or shelving scheme Damaged status Not for loan Collection code Home library Current library Source of acquisition Total Checkouts Full call number Barcode Date last seen Copy number Price effective from Koha item type
    Dewey Decimal Classification     Filipiniana UM Digos College - LIC UM Digos College - LIC Replacement   DFil 306.81 Sa31 1995 11254 05/15/2025 1 01/11/2019 Filipiniana